Southville International School and Colleges
Your cart is empty.
  • Cart
  • Lists
    Public lists Eva Luna New books Lux_list list_1
    Your lists Log in to create your own lists
  • Log in to your account
  • Your cookies
  • Search history
Southville International School and Colleges
  • Advanced search
  • Recent comments
  • Most popular
  • Libraries

Log in to your account

Log in with GOOGLE


If you do not have an external account, but do have a local account, you can still log in:

  1. Home
  2. MARC view: Control your interest :
Normal view MARC view ISBD view

Control your interest : (Record no. 288569)

[ view plain ]
MARC details
000 -LEADER
fixed length control field 00525nam a22001697a 4500
003 - CONTROL NUMBER IDENTIFIER
control field PILC
005 - DATE AND TIME OF LATEST TRANSACTION
control field 20150902080831.0
008 - FIXED-LENGTH DATA ELEMENTS--GENERAL INFORMATION
fixed length control field 150902b xxu||||| |||| 00| 0 eng d
050 ## - LIBRARY OF CONGRESS CALL NUMBER
Classification number HG 179
Item number .Ea13 1989
100 ## - MAIN ENTRY--PERSONAL NAME
Personal name East, David.
245 ## - TITLE STATEMENT
Title Control your interest :
Remainder of title a guide to effectively clearing your mortgage /
Statement of responsibility, etc David East.
250 ## - EDITION STATEMENT
Edition statement 2nd edition.
260 ## - PUBLICATION, DISTRIBUTION, ETC. (IMPRINT)
Place of publication, distribution, etc MC :
Name of publisher, distributor, etc David's Publishing Pty Ltd,
Date of publication, distribution, etc 1989.
300 ## - PHYSICAL DESCRIPTION
Extent 44 pages :
Other physical details illustrations ;
Dimensions 22 cm.
650 ## - SUBJECT ADDED ENTRY--TOPICAL TERM
Topical term or geographic name as entry element Financial security.
942 ## - ADDED ENTRY ELEMENTS (KOHA)
Source of classification or shelving scheme Library of Congress Classification
Koha item type Books
Call number prefix Foreign

No items available.

Control your interest :

APA

East D., . (1989). Control your interest. MC: David's Publishing Pty Ltd.

Chicago

East David, . 1989. Control your interest. MC: David's Publishing Pty Ltd.

Harvard

East D., . (1989). Control your interest. MC: David's Publishing Pty Ltd.

MLA

East David, . Control your interest. MC: David's Publishing Pty Ltd. 1989.

  • Print
  • Cite
  • Add to your cart (remove)
  • Save record
    BIBTEX Dublin Core MARCXML MARC (non-Unicode/MARC-8) MARC (Unicode/UTF-8) MARC (Unicode/UTF-8, Standard) MODS (XML) RIS
  • More searches
    Search for this title in:
    Other Libraries (WorldCat) Other Databases (Google Scholar) Online Stores (Bookfinder.com) Open Library (openlibrary.org)

Exporting to Dublin Core...

SOUTHVILLE LIBRARY

Southville International School and Colleges Library

1281 Tropical Ave. Cor. Luxembourg St., BF Homes International, Las Pinas City

Tel. No. 8256374 / 252358 Loc. 117/146

Powered by Koha